00369cam a22000977a 4500008004000000082002200040245011500062260005000177300000900227700003500236180718b1960 xxu||||| |||| 00| 0 eng d aN4x42 Un3rcm/1-10 aRoyal commission on the police: appendix to the minutes of evidence (1-10)cby Her Majesty's Stationery Office aLondonbHer Majesty's Stationery Officec1960 a18p. aHer Majesty's Stationery Offic